El Director del Instituto Psicotécnico, en el VII Conferencia de Problemas Sociales, en París
Colección:
San Jorge,
; núm. 11 (juliol 1953), pàg 97
Idioma:
Español
MARC
| LEADER | 00000naa a2200000 a 4500 | ||
|---|---|---|---|
| 003 | Arxiu | ||
| 005 | 20260324181041.0 | ||
| 008 | 160829s1953 spc xx s spa c | ||
| 040 | |a agdb | ||
| 245 | 0 | 3 | |a El Director del Instituto Psicotécnico, en el VII Conferencia de Problemas Sociales, en París |
| 490 | |a San Jorge, |v núm. 11 (juliol 1953), pàg 97 | ||
| 600 | 0 | |9 22794 |a Borrás París, Manuel | |
| 610 | 2 | 0 | |9 54312 |a Institut Psicotècnic de Barcelona |
| 773 | |g Núm. 11 (juliol 1953), pàg 97 |t San Jorge. | ||
| 901 | |a Arxiu | ||
| 942 | |n 1 |2 udc |c ART | ||
| 952 | |0 0 |1 0 |4 0 |6 REV508 |7 1 |9 64462 |a Arxiu |b Arxiu |d 2022-11-30 |o Rev-508 |r 2022-11-30 00:00:00 |w 2022-11-30 |y ARXIU |z També disponible a Rev-522 | ||
| 999 | |c 49087 |d 49087 | ||